000 00404 a2200181 4500
001 124297
020 _a9788541816199
040 _cEscola Canadense de Niteroi
100 _aEduardo Chavante
245 1 0 _aConvergências: Matemática 9
250 _a1 ed
260 _aSão Paulo
300 _a510 p.
_bil.
362 0 _a2016
490 0 _aConvergências
650 4 _aMatemática
942 _cBK
999 _c124297
_d124297